Statistics for Highest Mountains in the UK

Click here to take the quiz!

General Stats

  • This quiz has been taken 52 times
  • The average score is 3 of 10

Answer Stats

AnswerRegionHeight (m)% Correct
Ben NevisLochaber1334
100%
Ben MacduiCairngorms1309
44%
CairngormCairngorms1245
44%
Ben LawersPerthshire1214
28%
BraeriachCairngorms1296
28%
Aonach MorLochaber1221
26%
Aonach BeagLochaber1234
22%
Cairn ToulCairngorms1291
22%
Carn Mor DeargLochaber1220
16%
Sgorr an Lochain UaineCairngorms1258
8%

Score Distribution

Percentile by Number Answered

Percent of People with Each Score

Your Score History

You have not taken this quiz